00550nam a22001932 4500001001100000005001700011008004100028020001700069040001500086050002200101100002800123245006500151250001800216260003300234300001800267362001300285650002800298700003000326000000595520151217152009.0070817s xx 000 0 eng d a8127201723 : aKABUcKABU 0aHF5635b.J35 20021 aJain, S. P.@000015188010aAdvanced accountancy. volume II /cS. P. Jain, K. L. Narang. a13th rev. ed. aNew Delhi :bKalyani,c2002. aviii, 1145 p.0 avol. II. 0aAccounting.@00001483211 aNarang, K. L.@0000155196